书目信息 |
| 题名: |
日本庭园的艺术
|
|
| 作者: | 扬大卫 , 扬, 著 ;任艳 译 | |
| 分册: | ||
| 出版信息: | 武汉 华中科技大学出版社 2020.04 |
|
| 页数: | 176页 | |
| 开本: | 29cm | |
| 丛书名: | ||
| 单 册: | ||
| 中图分类: | TU986.631 | |
| 科图分类: | ||
| 主题词: | 庭院--ting yuan--园林艺术--研究--日本 | |
| 电子资源: | ||
| ISBN: | 978-7-5680-6044-8 | |
| 000 | 01141nam0 2200289 450 | |
| 001 | 2046933425 | |
| 005 | 20201107130246.84 | |
| 010 | @a978-7-5680-6044-8@b精装@dCNY168.00 | |
| 100 | @a20200519d2020 em y0chiy50 ea | |
| 101 | 1 | @achi@ceng |
| 102 | @aCN@b420000 | |
| 105 | @aa a 000yy | |
| 200 | 1 | @a日本庭园的艺术@Ari ben ting yuan de yi shu@f(加) 大卫·扬, 美智子·扬著@g任艳译 |
| 210 | @a武汉@c华中科技大学出版社@d2020.04 | |
| 215 | @a176页@c彩图@d29cm | |
| 300 | @a有书至美 | |
| 306 | @a由Tuttle出版社授权出版 | |
| 314 | @a大卫·扬, 博士毕业于斯坦福大学。 | |
| 320 | @a有书目 (第176页) | |
| 330 | @a本书首先概况地阐释日式园林具有的几个基本要素。其次, 全书涵盖了相当数量的日本皇室庭院、早期贵族庭院、神秘的如天堂般的花园、禅宗寺庙庭院、武士庭院、茶院以及休闲花园等不同日本庭院的案例。另外, 还包含了一部分在其他国家充满现代意味的日式花园案例。 | |
| 606 | 0 | @a庭院@Ating yuan@x园林艺术@x研究@y日本 |
| 690 | @aTU986.631@v5 | |
| 701 | 1 | @a扬大卫@Ayang@g(Young, David)@4著 |
| 701 | 1 | @a扬,@Ayang@g(Young, Michiko)@4著 |
| 702 | 0 | @a任艳@Aren yan@4译 |
| 801 | 0 | @aCN@b人天书店@c20201004 |
| 905 | @aZUCC@dTU986.631@eY127 | |
| 日本庭园的艺术/(加) 大卫·扬, 美智子·扬著/任艳译.-武汉:华中科技大学出版社,2020.04 |
| 176页:彩图;29cm |
| 有书至美 |
| ISBN 978-7-5680-6044-8(精装):CNY168.00 |
| 本书首先概况地阐释日式园林具有的几个基本要素。其次, 全书涵盖了相当数量的日本皇室庭院、早期贵族庭院、神秘的如天堂般的花园、禅宗寺庙庭院、武士庭院、茶院以及休闲花园等不同日本庭院的案例。另外, 还包含了一部分在其他国家充满现代意味的日式花园案例。 |
| ● |
| 相关链接 |
|
|
|
正题名:日本庭园的艺术
索取号:TU986.631/Y127
 
预约/预借
| 序号 | 登录号 | 条形码 | 馆藏地/架位号 | 状态 | 备注 |
| 1 | 1485419 | 214854193 | 建筑库201/201建筑库 120排2列1层/ [索取号:TU986.631/Y127] | 在馆 |